ARRUPE JESUIT UNIVERSITY

CORONAVIRUS -STOP THE SPREAD - CLEAN,DISINFECT,COVER

Studiosorum speculum : (Record no. 119881)

MARC details
000 -LEADER
fixed length control field 01134pam a2200301 a 4500
001 - CONTROL NUMBER
control field 634415
003 - CONTROL NUMBER IDENTIFIER
control field ARRUPE
005 - DATE AND TIME OF LATEST TRANSACTION
control field 20140203130515.0
008 - FIXED-LENGTH DATA ELEMENTS--GENERAL INFORMATION
fixed length control field 930211s1993 miua b 010 0 eng
010 ## - LIBRARY OF CONGRESS CONTROL NUMBER
LC control number 93018528
020 ## - INTERNATIONAL STANDARD BOOK NUMBER
International Standard Book Number 0879076410
040 ## - CATALOGING SOURCE
Original cataloging agency DLC
Transcribing agency DLC
Modifying agency DLC
050 00 - LIBRARY OF CONGRESS CALL NUMBER
Classification number BX3402.2
Item number .S786 1993
082 00 - DEWEY DECIMAL CLASSIFICATION NUMBER
Classification number 271/.12
Edition number 20
300 ## - PHYSICAL DESCRIPTION
Other physical details ill. ;
Dimensions 23 cm.
245 00 - TITLE STATEMENT
Title Studiosorum speculum :
Remainder of title studies in honor of Louis J. Lekai, O. Cist. /
Statement of responsibility, etc edited by Francis R. Swietek and John R. Sommerfeldt.
260 ## - PUBLICATION, DISTRIBUTION, ETC. (IMPRINT)
Place of publication, distribution, etc Kalamazoo, Mich. :
Name of publisher, distributor, etc Cistercian Publications,
Date of publication, distribution, etc 1993.
300 ## - PHYSICAL DESCRIPTION
Extent 432 p. :
440 #0 - SERIES STATEMENT/ADDED ENTRY--TITLE
Title Cistercian studies series ;
Volume number/sequential designation no. 141
9 (RLIN) 7708
504 ## - BIBLIOGRAPHY, ETC. NOTE
Bibliography, etc Includes bibliographical references.
610 20 - SUBJECT ADDED ENTRY--CORPORATE NAME
Corporate name or jurisdiction name as entry element Cistercians.
9 (RLIN) 7709
650 #0 - SUBJECT ADDED ENTRY--TOPICAL TERM
Topical term or geographic name as entry element Monasticism and religious orders.
9 (RLIN) 7710
700 1# - ADDED ENTRY--PERSONAL NAME
Personal name Lekai, Louis Julius,
Dates associated with a name 1916-
9 (RLIN) 7711
700 1# - ADDED ENTRY--PERSONAL NAME
Personal name Swietek, Francis R.
9 (RLIN) 7712
700 1# - ADDED ENTRY--PERSONAL NAME
Personal name Sommerfeldt, John R.
9 (RLIN) 7713
906 ## - LOCAL DATA ELEMENT F, LDF (RLIN)
a 7
b cbc
c orignew
d 1
e ocip
f 19
g y-gencatlg
942 ## - ADDED ENTRY ELEMENTS (KOHA)
Source of classification or shelving scheme Library of Congress Classification
Koha item type Monograph ( Printed materials)
Holdings
Withdrawn status Lost status Source of classification or shelving scheme Damaged status Not for loan Collection code Home library Current library Shelving location Date acquired Total Checkouts Full call number Barcode Date last seen Price effective from Koha item type
    Library of Congress Classification     Main Collection ARRUPE LIBRARY ARRUPE LIBRARY Main Collection 03/02/2014   BX3402.2 .S786 1993 46411974 22/11/2017 03/02/2014 Monograph ( Printed materials)

 

Arrupe Library. PO Box MP320 Mt Pleasant, Harare, Zimbabwe
263 242 745411|librarian@aju.ac.zw